000
00302nam a22001337a 4500
008
180104b xxu||||| |||| 00| 0 eng d
020
_a
2901608716424
041
_a
eng
080
_2
13TH
_a
94
100
_a
16
101
_a
HIS
245
_a
CONGRESS AND ITS MEMBERS
_c
DAVIDSON,R.H
942
_2
udc
_c
BK
999
_c
39714
_d
39714